| Tag |
First Indicator |
Second Indicator |
Subfields |
| LEADER |
00000cam a2200000Mi 4500 |
| 001 |
in00003550708 |
| 006 |
m o d |
| 007 |
cr mnu---uuaaa |
| 008 |
130220s1985 ne o 000 0 eng |
| 005 |
20260422201956.0 |
| 020 |
|
|
|a 9789401736411 (electronic bk.)
|
| 020 |
|
|
|a 9401736413 (electronic bk.)
|
| 020 |
|
|
|z 9789048184163
|
| 020 |
|
|
|z 9048184169
|
| 020 |
|
|
|z 9401736413
|
| 035 |
|
|
|a (OCoLC)851363433
|
| 040 |
|
|
|a AU@
|b eng
|e pn
|c AU@
|d GW5XE
|d OCLCQ
|d OCLCF
|d UtOrBLW
|
| 049 |
|
|
|a TXAM
|
| 050 |
|
4 |
|a TN260
|
| 072 |
|
7 |
|a RBGL
|2 bicssc
|
| 072 |
|
7 |
|a SCI031000
|2 bisacsh
|
| 082 |
0 |
4 |
|a 553
|2 23
|
| 100 |
1 |
|
|a Cordier, Jean-Pierre.
|
| 245 |
1 |
0 |
|a Velocities in Reflection Seismology /
|c by Jean-Pierre Cordier.
|
| 264 |
|
1 |
|a Dordrecht :
|b Springer Netherlands,
|c 1985.
|
| 300 |
|
|
|a 1 online resource (xiii, 203 pages)
|
| 336 |
|
|
|a text
|b txt
|2 rdacontent
|
| 337 |
|
|
|a computer
|b c
|2 rdamedia
|
| 338 |
|
|
|a online resource
|b cr
|2 rdacarrier
|
| 490 |
1 |
|
|a Seismology and Exploration Geophysics,
|x 0924-6096 ;
|v 3
|
| 500 |
|
|
|a Electronic resource.
|
| 650 |
|
0 |
|a Geography.
|
| 650 |
|
0 |
|a Geology, Economic.
|
| 650 |
|
0 |
|a Physical geography.
|
| 650 |
|
7 |
|a Geography.
|2 fast
|0 (OCoLC)fst00940469
|
| 650 |
|
7 |
|a Geology, Economic.
|2 fast
|0 (OCoLC)fst00940720
|
| 650 |
|
7 |
|a Physical geography.
|2 fast
|0 (OCoLC)fst01062647
|
| 655 |
|
7 |
|a Electronic books.
|2 local
|
| 710 |
2 |
|
|a SpringerLink (Online service)
|
| 776 |
1 |
8 |
|i Print version:
|z 9789048184163
|
| 830 |
|
0 |
|a Seismology and exploration geophysics ;
|v 3.
|
| 856 |
4 |
0 |
|u http://proxy.library.tamu.edu/login?url=https://link.springer.com/10.1007/978-94-017-3641-1
|z Connect to the full text of this electronic book
|t 0
|
| 994 |
|
|
|a 92
|b TXA
|
| 999 |
|
|
|a MARS
|
| 999 |
f |
f |
|s 325f2a59-38f0-3169-88ef-0428e194ec70
|i b2e25549-552f-3fab-ab58-f6adb4c19909
|t 0
|
| 952 |
f |
f |
|a Texas A&M University
|b College Station
|c Electronic Resources
|s www_evans
|d Available Online
|t 0
|e TN260
|h Library of Congress classification
|
| 998 |
f |
f |
|a TN260
|t 0
|l Available Online
|